000 00523nam a2200181Ia 4500
008 090122s9999 xx 000 0 und d
082 _b12977
100 _aठाकूर
_bदिलीप
245 _aवलाय आणि वळणे
260 _bसायली
_c2008
300 _a156
501 _aललित वितरण
600 _aठाकूर
630 _aवलाय आणि वळणे
700 _aठाकूर
730 _aवलाय आणि वळणे
942 _cBOOK
999 _c37054
_d37054